A fesztivál, mint kulturális találkozóhely - A magyar kultúra jelenléte a Sziget Fesztivál multikulturális közegében
| Szerző: | |
|---|---|
| További közreműködők: | |
| Dokumentumtípus: | Diplomadolgozat |
| Kulcsszavak: | fesztivál ifjúsági programok kultúra multikultúra szabadidő |
| Online Access: | http://dolgozattar.uni-bge.hu/59520 |
MARC
| LEADER | 00000nta a2200000 i 4500 | ||
|---|---|---|---|
| 001 | dolg59520 | ||
| 005 | 20260409145158.0 | ||
| 008 | 260409suuuu hu om 000 hun d | ||
| 040 | |a BGE Dolgozattár Repozitórium |b hun | ||
| 041 | |a hu | ||
| 100 | 1 | |a Szűcs Anasztázia | |
| 245 | 1 | 2 | |a A fesztivál, mint kulturális találkozóhely - A magyar kultúra jelenléte a Sziget Fesztivál multikulturális közegében |c Szűcs Anasztázia |h [elektronikus dokumentum] |
| 520 | 3 | |a Szakdolgozatomban a fesztiválok kultúraközvetítő szerepét vizsgáltam Magyarországon, különös tekintettel a Sziget Fesztiválra, mint multikulturális közegre és kulturális találkozóhelyre. Kutatásom fő célja volt feltárni, hogy milyen módon jelenik meg a magyar kultúra a fesztivál programkínálatában, illetve mekkora szerep jut a magyar művészeknek. Módszertanilag félig strukturált mélyinterjút készítettem a Sziget Fesztivál programigazgatójával, valamint tartalomelemzést végeztem a 2017-2024 közötti időszakban a nem zenei programok körében. Az eredmények alapján a Sziget Fesztivál kulturális platformként működik, ahol mind a magyar kultúra, illetve a magyar művészek is teret kapnak a nemzetközi közegben. | |
| 695 | |a fesztivál | ||
| 695 | |a ifjúsági programok | ||
| 695 | |a kultúra | ||
| 695 | |a multikultúra | ||
| 695 | |a szabadidő | ||
| 700 | 1 | |a Joós Tamás |e ths | |
| 856 | 4 | 0 | |u http://dolgozattar.uni-bge.hu/59520/1/Szakdolgozat_Szu%CC%8Bcs_Anaszta%CC%81zia.pdf |z Dokumentum-elérés |
| 856 | 4 | 0 | |u http://dolgozattar.uni-bge.hu/59520/2/Sz%C5%B1cs%20Anaszt%C3%A1zia%20%C3%A9rt%C3%A9kel%C3%A9s.pdf |z Dokumentum-elérés |
| 856 | 4 | 0 | |u http://dolgozattar.uni-bge.hu/59520/3/Szakdolgozat_b%C3%ADr%C3%A1lat_Sz%C5%B1csAnaszt%C3%A1zia_Sz%C5%91keA.pdf |z Dokumentum-elérés |